000 00939nam a2200265Ia 4500
003 GCL
008 140319s9999 xx 000 0 ara d
020 _a9338414977
040 _aGCL /
_cGCL
082 0 4 _a649.1
_bس د
100 1 _aمحمد امين سليمان
245 1 0 _aكتاب د . سبوك لرعاية الطفل /
_cمحمد امين سليمان
700 1 _aداليا محمد ابراهيم
700 1 _aسبوك، بنجامين
700 1 _aنيدلمان، روبرت
250 _aالاولى
260 _aالقاهرة :
_bنهضة مصر للطباعة والنشر والتوزيع ،
_c2006
300 _a901 ص ؛
_c16 سم
650 0 4 _aتعليم الاطفال
650 0 4 _aالاطفال - العناية الصحية
650 0 4 _aالاطفال - رعاية
650 0 4 _aالاطفال - تربية
650 0 4 _aالاطفال - العناية بالاسنان
942 _2ddc
_cBK
999 _c8706
_d8706